000 00571nam a2200181Ia 4500
005 20250423100945.0
008 250422s9999 xx 000 0 und d
020 _a9789780813734
050 _aS 599.5.A1 .E88/
100 _aEsu Ivara E.
245 0 _aSoil characterization, classification and survey
260 _aIbadan, Nigeria
260 _bHEBN publishers Plc
260 _c2010
300 _a232 p
650 _aSoils--Africa, West. Soil fertility--Africa, West. Soil management--Africa, West. Land capability for agriculture--Africa, West.
942 _cBK
999 _c34858
_d34858